Oregon women and the law.

Saved in:
Bibliographic Details
Corporate Author: Oregon. Governor's Commission for Women.
Format: Book
Language:English
Published: Portland, Or. (P.O. Box 751-CW, Portland 97207) : Oregon Commission for Women, 1997.
Series:Women and social movements: scholar's edition
Subjects:
Tags: Add Tag
No Tags, Be the first to tag this record!
LEADER 00885cam a2200265 a 4500
001 007744113-3
005 20180117021849.0
008 970911s1997 oru f s000 0 eng d
010 |a  97194101  
035 0 |a ocm36503885 
040 |a Or  |c Or  |d DLC  |d MH-L 
042 |a lccopycat 
043 |a n-us-or 
050 0 0 |a KFO2491.W6  |b O74 1997 
082 0 0 |a 346.79501/34  |2 21 
086 |a Y/W84.8W84  |2 ordocs 
245 0 0 |a Oregon women and the law. 
260 |a Portland, Or. (P.O. Box 751-CW, Portland 97207) :  |b Oregon Commission for Women,  |c 1997. 
300 |a 283 p. ;  |c 28 cm. 
500 |a "The information in this book is based upon the law in effect in 1996."--T.p. verso. 
650 0 |a Women  |x Legal status, laws, etc.  |z Oregon. 
710 1 |a Oregon.  |b Governor's Commission for Women. 
830 0 |a Women and social movements: scholar's edition  |5 net 
988 |a 20020608 
906 |0 OCLC